| 000 | 01495nam0a2200373 4500 | ||
|---|---|---|---|
| 001 | RU\NLR\bibl\1057012 | ||
| 005 | 20250615035722.0 | ||
| 010 |
_a5-9567-0141-2 _bВаша кошка |
||
| 010 |
_a5-9567-0142-0 _bВсе о кошке _96000 |
||
| 021 |
_aRU _b2007-3579 _9180 |
||
| 035 | _a(nilc)RSL-KNO-003030214 | ||
| 035 | _a(NLR Aleph) 001044299 | ||
| 090 |
_a838353 _c838353 |
||
| 100 | _a20070213d2007 |||y0rusy50 ca | ||
| 101 | 0 | _arus | |
| 102 | _aRU | ||
| 105 | _aa zzzz||||| | ||
| 106 | _ar | ||
| 200 | 1 |
_aВаша кошка. Все о кошке _e[породы, содержание, питание] _f[авт.-сост.: Дазидова Д.] |
|
| 210 |
_aРостов-на-Дону _cВладис _d2007 |
||
| 215 |
_a575 с., [16] л. цв. ил. _cил., табл. _d20 |
||
| 517 | 0 | _aВсе о кошке | |
| 606 | 1 |
_aКошки _xПороды _91448199 _3RU\NLR\auth\66303292 |
|
| 606 | 1 |
_aКошки _xУход и содержание _91446193 _3RU\NLR\auth\66612407 |
|
| 610 | 0 | _aСельское и лесное хозяйство. Сельскохозяйственные и лесохозяйственные науки -- Специальное животноводство -- Кошки домашние | |
| 686 |
_aП674,0 _2rubbk |
||
| 686 | _aП674 | ||
| 702 | 1 |
_aДазидова _bД. _4220 |
|
| 801 | 0 |
_aRU _bРКП _c20070213 _grcr |
|
| 801 | 1 |
_aRU _bРГБ _c20070213 |
|
| 801 | 2 |
_aRU _bNLR _c20070312 _grcr |
|
| 942 | _cBOOK | ||
| 980 | _aNB | ||